Prelude to Galileo:essays on medieval and sixteenth-century sources of Galileo's thought (Record no. 7103)

MARC details
000 -LEADER
fixed length control field 00697nam a2200205Ia 4500
003 - CONTROL NUMBER IDENTIFIER
control field IN-BaIIA
008 - FIXED-LENGTH DATA ELEMENTS--GENERAL INFORMATION
fixed length control field 211028s9999 xx 000 0 eng d
020 ## - INTERNATIONAL STANDARD BOOK NUMBER
International Standard Book Number 90-277-1215-8
040 ## - CATALOGING SOURCE
Transcribing agency IIA Library
080 ## - UNIVERSAL DECIMAL CLASSIFICATION NUMBER
Universal Decimal Classification number 52(091)
Item number WAL
245 #0 - TITLE STATEMENT
Title Prelude to Galileo:essays on medieval and sixteenth-century sources of Galileo's thought
Statement of responsibility, etc. edited by William A. Wallace
260 ## - PUBLICATION, DISTRIBUTION, ETC.
Place of publication, distribution, etc. Dordrecht
Name of publisher, distributor, etc. D. Reidel Publishing
Date of publication, distribution, etc. 1981
300 ## - PHYSICAL DESCRIPTION
Extent xvi, 369p.
650 ## - SUBJECT ADDED ENTRY--TOPICAL TERM
Topical term or geographic name entry element Archaeoastronomy
9 (RLIN) 2299
650 ## - SUBJECT ADDED ENTRY--TOPICAL TERM
Topical term or geographic name entry element Astronomy and Astrophysics Thesaurus
650 ## - SUBJECT ADDED ENTRY--TOPICAL TERM
Topical term or geographic name entry element Astronomy-History
9 (RLIN) 900
650 ## - SUBJECT ADDED ENTRY--TOPICAL TERM
Topical term or geographic name entry element Galileo
9 (RLIN) 12169
700 ## - ADDED ENTRY--PERSONAL NAME
Personal name Wallace, William A., ed.
9 (RLIN) 12170
942 ## - ADDED ENTRY ELEMENTS (KOHA)
Koha item type Books
Holdings
Withdrawn status Lost status Damaged status Not for loan Home library Current library Shelving location Date acquired Cost, normal purchase price Total Checkouts Full call number Barcode Date last seen Cost, replacement price Price effective from Koha item type Purchase Price
        IIA Library-Bangalore IIA Library-Bangalore General Stacks 01/06/1982 370.00   52(091)/WAL 7885 05/11/2021 370.00 01/06/1982 Books Rs. 370.00

Powered by Koha